Multiples of 26 Quiz - Statistics

General Stats
  • This quiz has been taken 67 times
  • The average score is 24 of 25
Answer Stats
Answer % Correct
26
100%
52
100%
78
100%
104
98%
130
98%
156
98%
182
98%
208
98%
234
98%
260
98%
286
98%
312
96%
338
96%
364
96%
390
96%
416
96%
442
96%
468
96%
494
96%
520
96%
546
96%
572
96%
598
96%
624
96%
650
96%
No matching quizzes found
Score Distribution
Percent of People with Each Score
Percentile by Number Answered
Your Score History
You have not taken this quiz